Estados por extensão do litoral - Statistics

Estatísticas Gerais
  • Esse quiz foi jogado 55 vezes
  • A pontuação média é 10 de 17
Estatísticas das Respostas
Litoral Estado % Correto
932 km Bahia
100%
640 km Maranhão
80%
636 km Rio de Janeiro
76%
622 km São Paulo
76%
623 km Rio Grande do Sul
70%
573 km Ceará
63%
562 km Pará
63%
392 km Espírito Santo
59%
531 km Santa Catarina
57%
229 km Alagoas
54%
598 km Amapá
54%
66 km Piauí
54%
410 km Rio Grande do Norte
54%
98 km Paraná
48%
187 km Pernambuco
48%
117 km Paraíba
46%
163 km Sergipe
46%
Nenhum quiz correspondente encontrado
Distribuição das Pontuações
Porcentagem de Pessoas com Cada Pontuação
Percentil de Números Respondidos
Sua Pontuação Histórica
Você não jogou esse quiz